Justice: What's the right thing to do? (Record no. 1848106)
[ view plain ]
| 000 -LEADER | |
|---|---|
| fixed length control field | 00496nam a22001817a 4500 |
| 005 - DATE AND TIME OF LATEST TRANSACTION | |
| control field | 20260408140352.0 |
| 008 - FIXED-LENGTH DATA ELEMENTS--GENERAL INFORMATION | |
| fixed length control field | 260408b |||||||| |||| 00| 0 eng d |
| 037 ## - SOURCE OF ACQUISITION | |
| Terms of availability | DSWL |
| 040 ## - CATALOGING SOURCE | |
| Original cataloging agency | DSWL |
| Transcribing agency | DSWL |
| 041 ## - LANGUAGE CODE | |
| Language code of original | eng |
| 100 ## - MAIN ENTRY--PERSONAL NAME | |
| Personal name | Sandel, Michael J |
| 245 ## - TITLE STATEMENT | |
| Title | Justice: What's the right thing to do? |
| 260 ## - PUBLICATION, DISTRIBUTION, ETC. | |
| Place of publication, distribution, etc. | New Delhi, |
| Name of publisher, distributor, etc. | Penguin Publication, |
| Date of publication, distribution, etc. | 2010 |
| 300 ## - PHYSICAL DESCRIPTION | |
| Extent | 308p |
| 365 ## - TRADE PRICE | |
| Price type code | INR |
| Price amount | 499 |
| 942 ## - ADDED ENTRY ELEMENTS (KOHA) | |
| Source of classification or shelving scheme | Colon Classification (CC) |
| Koha item type | Textual |
| Suppress in OPAC | No |
| Withdrawn status | Lost status | Source of classification or shelving scheme | Damaged status | Not for loan | Home library | Current library | Date acquired | Source of acquisition | Cost, normal purchase price | Inventory number | Total Checkouts | Barcode | Date last seen | Price effective from | Koha item type |
|---|---|---|---|---|---|---|---|---|---|---|---|---|---|---|---|
| Colon Classification (CC) | Department of Social Work Library | Department of Social Work Library | 2018-02-16 | Success Book Service | 499.00 | 3059/16.02.18 | SW0032314 | 2026-04-08 | 2026-04-08 | Textual | |||||
| Colon Classification (CC) | Department of Social Work Library | Department of Social Work Library | 2018-02-16 | Success Book Service | 499.00 | 3059/16.02.18 | SW0032315 | 2026-04-08 | 2026-04-08 | Textual | |||||
| Colon Classification (CC) | Department of Social Work Library | Department of Social Work Library | 2018-02-16 | Success Book Service | 499.00 | 3059/16.02.18 | SW0032316 | 2026-04-08 | 2026-04-08 | Textual | |||||
| Colon Classification (CC) | Department of Social Work Library | Department of Social Work Library | 2018-02-16 | Success Book Service | 499.00 | 3059/16.02.18 | SW0032317 | 2026-04-08 | 2026-04-08 | Textual |
